Rozmarné léto /
„Tento způsob léta zdá se mi poněkud nešťastným..." Tři dlouholetí přátelé Antonín Důra, kanovník Roch a major Hugo společně tráví deštivé léto v říčních lázních na řece Orši. Jelikož je zákazníků málo, pánové si dlouhou chvíli krátí filozofickými rozmluvami a četnými malichernými půtkami. Když...
Uloženo v:
| Hlavní autor: | |
|---|---|
| Médium: | E-kniha |
| Jazyk: | Czech |
| Vydáno: |
Praha :
Saga Egmont,
2022
|
| Tagy: |
Žádné tagy |
| LEADER | 02165nam a22002297i 4500 | ||
|---|---|---|---|
| 001 | 312007 | ||
| 007 | ta | ||
| 008 | 260601s2022 xr ||||| |||| 00| 0 cze d | ||
| 020 | |a 9990003808578 | ||
| 044 | |a xr | ||
| 100 | 1 | |a Vančura, Vladislav |4 aut | |
| 245 | 1 | 0 | |a Rozmarné léto / |c Vančura, Vladislav |
| 264 | 1 | |a Praha : |b Saga Egmont, |c 2022 | |
| 300 | |a 1 online zdroj (77 stran) | ||
| 336 | |a text |b txt |2 rdacontent | ||
| 337 | |a bez média |b n |2 rdamedia | ||
| 338 | |a online zdroj |b cr |2 rdacarrier | ||
| 520 | 2 | |a „Tento způsob léta zdá se mi poněkud nešťastným..." Tři dlouholetí přátelé Antonín Důra, kanovník Roch a major Hugo společně tráví deštivé léto v říčních lázních na řece Orši. Jelikož je zákazníků málo, pánové si dlouhou chvíli krátí filozofickými rozmluvami a četnými malichernými půtkami. Když však do městečka dorazí potulný kouzelník Arnoštek a především jeho půvabná asistentka Anna, nuda všedních dní je rázem zapomenuta. Všichni tři postarší přátelé se totiž do mladé krásky zamilují a pouští se do urputného boje o její přízeň. Získá některý z nich její srdce? A co je hlavní – ustojí to jejich přátelství? Nejznámější Vančurův román, na jehož motivy natočil Jiří Menzel kultovní film, ve kterém se v roli tří přátel objevili Rudolf Hrušínský, Vlastimil Brodský a František Řehák. Vladislav Vančura (1891–1942) byl český spisovatel, dramatik a filmový režisér. Byl jedním ze zakladatelů uměleckého hnutí Devětsil. Během druhé světové války se účastnil odboje a v roce 1942 byl v rámci heydrichiády popraven. Mezi jeho nejvýznamnější literární díla patří Rozmarné léto, Markéta Lazarová nebo Pekař Jan Marhoul. | |
| 910 | |a RBIT002 | ||
| 998 | |d 380857 |a https://core.palmknihy.cz/api/books/380857/cover?s5afej |b https://core.palmknihy.cz/api/books/380857/cover/400?s5afej |c https://core.palmknihy.cz/api/books/380857/cover/50?s5afej |e |g 77 |i 9990003808578 |j https://core.palmknihy.cz/api/books/380857/preview.epub |l |q 49 |r 1 |s https://www.palmknihy.cz/kniha/380857 |t ebook |y 2022 |z 1 | ||
| 999 | |d 312005 | ||